Calculus : early transcendentals

Kaydedildi:
Detaylı Bibliyografya
Yazar:  Stewart, James
Materyal Türü: Sách
Dil:Undetermined
Baskı/Yayın Bilgisi:  Cengage Learning  2016
Konular:
Etiketler: Etiketle
Etiket eklenmemiş, İlk siz ekleyin!
Thư viện lưu trữ: Trung tâm Thư viện - Trường Đại học Công nghiệp TP. Hồ Chí Minh
LEADER 00465nam a2200157Ia 4500
001 UIH_02671
008 231011s9999 xx 000 0 und d
082 |a  515.15 
100 |a  Stewart, James 
245 0 |a  Calculus : early transcendentals 
245 0 |c  Stewart, James 
260 |b  Cengage Learning 
260 |c  2016 
650 |a  Calculus;  
927 |a Sách 
980 |a Trung tâm Thư viện - Trường Đại học Công nghiệp TP. Hồ Chí Minh